Ecoagriculture : strategies to feed the world and save biodiversity
Αποθηκεύτηκε σε:
| Κύριοι συγγραφείς: | , |
|---|---|
| Μορφή: | Βιβλίο |
| Γλώσσα: | English |
| Δημοσίευση: |
Washington :
Island Press,
c2003.
|
| Θέματα: | |
| Ετικέτες: |
Προσθήκη ετικέτας
Δεν υπάρχουν, Καταχωρήστε ετικέτα πρώτοι!
|
MARC
| LEADER | 00000cam a2200000 i 4500 | ||
|---|---|---|---|
| 001 | 1/106043 | ||
| 008 | 090612s2003 wau |||||||||| ||eng|| | ||
| 020 | |a 1559636459 |q (χαρτόδετο) | ||
| 035 | |l 10105057 | ||
| 040 | |a GR-MY-UA |b gre |e aacr | ||
| 041 | 0 | |a eng | |
| 082 | 0 | |a 333.9516 |2 (22) | |
| 100 | 1 | |a McNeely, Jeffrey A. |e aut | |
| 245 | 1 | 0 | |a Ecoagriculture : |b strategies to feed the world and save biodiversity / |c Jeffrey A. McNeely and Sara J. Scherr. |
| 260 | |a Washington : |b Island Press, |c c2003. | ||
| 300 | |a xxvii, 324 σ. : |b εικ., πίν. ; |c 23 εκ. | ||
| 504 | |a Βιβλιογραφία : σ. 281-315. | ||
| 504 | |a Ευρετήριο : σ. 319-323. | ||
| 650 | 0 | 0 | |a Agrobiodiversity. |
| 650 | 0 | 0 | |a Agrobiodiversity conservation. |
| 700 | 1 | |a Scherr, Sara J. |e aut | |
| 852 | |a INST |b LEMNOS |e 20090612 |h 333.9516 McN |p 005600000040 |q 005600000040 |t BK |y 0 | ||
| 901 | |a BIBL6-2009-2 | ||
| 909 | |a Μ |b 157393 | ||
| 922 | |a 6ΕΛΗ |b 200810 |c ΕΠΕΑΕΚ2/ΚΥΒ |d ΜΙΧΑΛΟΠΟΥΛΟΣ | ||
| 970 | |a ΠΑΝΤΑΖΗ |b ΑΝΤΩΝΙΑ |z 2009/06/12 | ||